| 000 | 01212nam a2200217Ia 4500 | ||
|---|---|---|---|
| 999 |
_c38163 _d38163 |
||
| 001 | 4153 | ||
| 003 | GE_BSU | ||
| 005 | 20190923164014.0 | ||
| 008 | 181216s1981||||ge |||||||||||||| ||geo|| | ||
| 040 | _cGE_BSU | ||
| 041 | _ageo | ||
| 080 | _a39(479.223) ს–24 | ||
| 245 |
_aსამხრეთ-დასავლეთ საქართველოს ეთნოლოგიის პრობლემები : _bN 9. კულტურა და ყოფა / _cრედაქტორი: ალ. რობაქიძე. |
||
| 264 |
_aთბილისი : _bმეცნიერება, _c1981. |
||
| 300 |
_a122 გვ. ; _b21 სმ. |
||
| 653 | _aსაქართველოს ეთნოლოგიის პრობლემები | ||
| 653 | _aსაქართველოს კულტურა და ყოფა | ||
| 700 |
_aრობაქიძე, ალ. _eრედაქტორი _94247 |
||
| 710 |
_aსაქართველოს მეცნიერებისა და განათლების სამინისტრო ; ნიკო ბერძენიშვილის ინსტიტუტი. _94248 |
||
| 942 |
_cBK _2udc |
||